000 00376nam a22001577a 4500
999 _c5952
_d5950
005 20210827151341.0
008 190606b xxu||||| |||| 00| 0 eng d
020 _a978-93-82448-98-3
041 _aeng
100 _aBANDELA, DR. N.N
_95050
245 _aINDUSTRIAL BIOTECHNOLOGY
250 _a3rd, Ed.
260 _aPUNE
_bNIRALI PRAKASHAN
300 _aB.3p,
942 _cBK